|
|
|
|
| LEADER |
00000cam a2200000 7i4500 |
| 001 |
0000007468 |
| 002 |
000008027 |
| 005 |
20010116.0 |
| 020 |
|
|
|a 9838932639
|
| 090 |
0 |
0 |
|a F
|b HAR
|
| 100 |
0 |
|
|a Haron Md Dom
|
| 245 |
1 |
0 |
|a Rasuk
|c Haron Md Dom
|
| 260 |
|
|
|a Kuala Lumpur :
|b Creative Enterprise 995
|
| 300 |
|
|
|a 168p. ;
|c 18cm.
|
| 490 |
0 |
|
|a Novel creative
|
| 650 |
0 |
0 |
|a Ghost stories
|
| 700 |
0 |
|
|a Nizam Bachok ,
|e ill
|
| 999 |
|
|
|a 052115
|b BUKU
|c FICTION
|e PERPUSTAKAAN KOMUNITI PETALING JAYA
|
| 999 |
|
|
|a 052116
|b BUKU
|c FICTION
|e PERPUSTAKAAN KOMUNITI PETALING JAYA
|
| 999 |
|
|
|a 055478
|b BUKU
|c FICTION
|e PERPUSTAKAAN KOMUNITI CAW KOTA DAMANSARA
|
| 999 |
|
|
|a 055479
|b BUKU
|c FICTION
|e PERPUSTAKAAN KOMUNITI CAW KOTA DAMANSARA
|